[Event "Wichern op 5th"]
[Site "Hamburg"]
[Date "1999.10.16"]
[Round "2.36"]
[White "Melde, Christian"]
[Black "Holzke, Frank"]
[Result "0-1"]
[WhiteElo "2160"]
[BlackElo "2448"]
[PlyCount "94"]
[EventDate "1999.10.15"]
[EventType "swiss"]
[EventRounds "9"]
[EventCountry "GER"]
[SourceTitle "EXT 2001"]
[Source "ChessBase"]
[SourceDate "2000.11.22"]
[SourceVersion "1"]
[SourceVersionDate "2000.11.22"]
[SourceQuality "1"]

1. c4 c5 2. Nf3 Nf6 3. Nc3 Nc6 4. g3 g6 5. Bg2 Bg7 6. 0-0 0-0 7. d4 cxd4 8. Nxd4 Ng4 9. e3 Nxd4 10. exd4 d6 11. b3 Rb8 12. a4 a6 13. Ra2 Nh6 14. Bxh6 Bxh6 15. Re1 e6 16. c5 Bg7 17. Ne4 d5 18. Nd6 b6 19. Qd3 bxc5 20. dxc5 Qa5 21. Rc1 Qb4 22. Rac2 Qa3 23. Nxc8 Rfxc8 24. Qxa6 Qxb3 25. c6 Ra8 26. Qb5 Qxa4 27. Qxa4 Rxa4 28. Bf1 Rc7 29. Rb1 Kf8 30. Bb5 Ra3 31. Kf1 Ke7 32. Ke2 Kd6 33. f4 Bc3 34. Kd3 Ba5+ 35. Ke2 f6 36. Rbb2 Bc3 37. Ra2 Rxa2 38. Rxa2 Kc5 39. Ba4 Kc4 40. Kf3 e5 41. fxe5 fxe5 42. g4 e4+ 43. Kf4 Rf7+ 44. Kg5 d4 45. Ra3 Kb4 46. Ra2 d3 47. Bd1 e3 0-1